000 00600nam a22002417a 4500
003 UA-OsUOA
001 58777
007 ta
008 20090224b un ||||| |||| 00| 0 ukr d
100 _aГоринь Б.
090 _a7.07.1:929
_bГ69
942 _cBK
040 _aUA-OsUOA
_bukr
_cUA-OsUOA
_dUA-OsUOA
245 _aОлександр Архипенко
300 _a63 с.
955 _a2
041 _aukr
080 _a7.07.1:929
020 _a978-966-8968-06-8
260 _aК.
_c2007
650 7 _a7.0 Загальні питання мистецтва
_2UDC
999 _c344744
_d344744